000
00231nam a22000857a 4500
008
160816b xxu||||| |||| 00| 0 eng d
100
_9
142
_a
Blyton E
245
_a
Secret Seven win through
260
_a
London
_b
Hodder Head publication
_c
2004
999
_c
2797
_d
2797